000 00931cam a22002652 4500
001 15172
003 BD-RjUL
005 20211208235749.0
008 140209s1963 nyua b 001 0 eng d
035 _a(BD-RjUL)15226
_aOCLC ocm02147580 from D971117M
040 _aDLC
_cGAS
_dSER
_dUKM
_dEQO
_dBD-RjUL
_beng
041 _aeng
082 0 0 _a629.437
_bSPA 1963
100 1 _aBalakrishnan, A. V.
_940690
245 1 0 _aSpace communications /
_cby E. Rechtin and others.
260 _aNew York :
_bMcGraw-Hill,
_c1963.
300 _aix, 422 p. :
_bill.;
_c24 cm.
490 1 _aUniversity of California engineering and sciences extension series
504 _aIncludes bibliographical references and index.
650 0 _aAstronautics
_xCommunication systems.
_947208
700 1 _aRechtin, E.
_947209
830 0 _aUniversity of California engineering and sciences extension series
_9216809
942 _2ddc
_cBK
999 _c15172
_d15172